Top 50 Countries by Highest Average IQ - Statistics

General Stats
  • This quiz has been taken 505 times
  • The average score is 39 of 50
Answer Stats
# First
Letter
Answer IQ % Correct
1 J Japan 106.48
99%
26 U United States 97.43
96%
4 C China 104.10
95%
29 F France 96.69
93%
9 G Germany 100.74
93%
18 U United Kingdom 99.12
93%
14 C Canada 99.52
92%
7 F Finland 101.20
92%
28 S Sweden 97.00
92%
5 S South Korea 102.35
91%
32 R Russia 96.29
90%
27 N Norway 97.13
89%
2 T Taiwan 106.47
89%
15 A Australia 99.24
88%
41 S Spain 93.90
88%
25 B Belgium 97.49
86%
10 N Netherlands 100.74
86%
30 P Poland 96.35
86%
3 S Singapore 105.89
86%
36 I Ireland 95.13
85%
39 I Italy 94.23
85%
43 P Portugal 92.77
85%
17 S Switzerland 99.24
85%
24 D Denmark 97.83
84%
38 L Latvia 94.79
83%
33 L Lithuania 95.89
83%
22 A Austria 98.38
82%
11 E Estonia 100.72
82%
16 H Hungary 99.24
82%
12 L Luxembourg 99.87
82%
21 N New Zealand 98.57
81%
23 I Iceland 98.26
80%
50 G Greece 90.77
79%
20 S Slovenia 98.60
78%
31 S Slovakia 96.32
77%
34 C Croatia 95.75
75%
37 C Czech Republic 94.92
75%
6 B Belarus 101.60
74%
8 L Liechtenstein 101.07
74%
35 A Andorra 95.20
70%
49 B Bulgaria 90.99
67%
44 I Israel 92.43
64%
19 N North Korea 98.82
60%
46 M Malta 91.27
58%
42 C Cyprus 93.39
50%
40 V Vanuatu 93.92
49%
13 C Cambodia 99.75
45%
48 M Mongolia 91.03
42%
47 M Myanmar 91.18
39%
45 B Barbados 91.60
25%
No matching quizzes found
Score Distribution
Percent of People with Each Score
Percentile by Number Answered
Your Score History
You have not taken this quiz